000 00929cad a22002055a 4500
001 E150674
008 100816s2010 xxk f 000 0 eng d
020 _a9781853976322
035 _a(Sirsi) u150674
041 0 _aeng
110 2 _aScottish Natural Heritage
_92794
245 0 4 _aThe fen management handbook
_h[electronic resource]
260 _aRedgorton
_bSNH
_c2010
520 _aProvides background information on fens and offers guidance on their management. Includes case studies to illustrate best practice. The handbook will be useful for anyone interested or involved in managing, creating or restoring fens.
590 _aKA
651 4 _aScotland
_y1999-
690 _aENVIRONMENTAL AND LAND CONSULTANCY-ENVIRONMENTAL MANAGEMENT
856 4 0 _uhttps://www.snh.gov.uk/about-scotlands-nature/habitats-and-ecosystems/lochs-rivers-and-wetlands/fen/
_zView the handbook free of charge at www.snh.gov.uk
942 _n0
999 _c110942
_d110942